Paroles "Les Moutons" - Matmatah - Statistiques

Statistiques générales
  • Ce quiz a été pris 74 fois
  • Le résultat moyen est 134 sur 227
Statistiques - réponses
Réponse % Correct
a
96%
A
96%
la
96%
le
90%
Le
90%
les
88%
moutons
88%
n
88%
On
84%
on
84%
de
82%
De
82%
et
82%
Et
82%
laine
82%
il
78%
tondu
76%
y
76%
avec
74%
Avec
74%
des
74%
du
74%
en
74%
filé
74%
un
72%
avait
70%
ce
70%
Jean-Marie
68%
par
66%
tout
66%
clé
64%
elle
64%
Je
64%
une
64%
lendemain
62%
lesbiennes
62%
mauvaise
62%
est
60%
moto
60%
nous
60%
pas
60%
que
60%
réparé
60%
tri
60%
c'est
58%
plus
58%
pour
58%
respiré
58%
tous
58%
dans
56%
haleine
56%
Si
56%
filles
54%
Pen
54%
Alors
52%
alors
52%
boîte
52%
bon
52%
comme
52%
elles
52%
Marie
52%
sur
52%
toutes
52%
vous
52%
allen
50%
BN
50%
Choco
50%
fait
50%
même
50%
notre
50%
rencontré
50%
allés
48%
coup
48%
mais
48%
Parisiennes
48%
peine
48%
Après
46%
après
46%
fin
46%
jeté
46%
Parisiens
46%
payer
46%
Seine
46%
temps
46%
vilaines
46%
Y'a
46%
chanson
44%
donnez
44%
douzaine
44%
l'air
44%
pompe
44%
réduction
44%
rime
44%
Saddam
44%
stop
44%
tombés
44%
aux
42%
Celui-là
42%
était
42%
fallait
42%
noyé
42%
pleine
42%
profiter
42%
souviens
42%
suite
42%
toujours
42%
trichloréthylène
42%
trouvé
42%
vide
42%
bonne
40%
c'était
40%
façons
40%
francs
40%
Hussein
40%
prends
40%
qu'il
40%
bigoudènes
38%
bouteille
38%
cinq
38%
j'oublie
38%
reprendre
38%
s'est
38%
sirène
38%
dedans
36%
feuilles
36%
pétrole
36%
pollen
36%
y'avait
36%
y'en
36%
îles
34%
n'me
34%
qu'des
34%
lagen
32%
partis
32%
pécho
32%
roulés
32%
envoyés
30%
Kerguelen
26%
Ah
24%
chouchenn
20%
Nanala x2 | x4
20%
trente
18%
Naganalalo x4
14%
Ranouen
14%
Lanalalaleno x2 | x4
12%
Nagalanano x2 | x4
6%
Aucun quiz correspondant
Distribution des résultats
% des personnes avec chaque résultat
Percentile par nombre de réponses
Votre historique - résultats
Vous n’avez pas pris ce quiz